000 00619nam a2200193Ia 4500
008 090123s9999 xx 000 0 und d
082 _b8204
_a891.463/मेंगजी
100 _aमेंगजी अशोक
245 _aआकांक्षा
250 _a1
260 _bप्रिया प्रकाशन
300 _a226
600 _aमेंगजी अशोक
630 _aआकांक्षा
700 _aमेंगजी अशोक
700 _aकाकडे दत्तात्रय सदाशिव
730 _aआकांक्षा
942 _cBOOK
999 _c46270
_d46270